15 najwyższych polskich kościołów - Statystyki

Ogólne statystyki
  • Ten quiz został rozwiązany 13 razy
  • Średni wynik to 4 z 15
Statystyki odpowiedzi
Liczba Kościół % Poprawnych
1 Bazylika Matki Bożej Bolesnej Królowej Polski w Licheniu
92%
9 Archikatedra św. Jana Chrzciciela we Wrocławiu
33%
2 Bazylika Archikatedralna św. Jakuba w Szczecinie
25%
3 Bazylika Jasnogórska w Częstochowie
25%
10 Katedra św. Mikołaja w Elblągu
25%
14 Kościół Macierzyństwa Najświętszej Maryi Panny w Trzebiatowie
25%
13 Kościół św. Elżbiety we Wrocławiu
25%
8 Kościół św. Jana w Stargardzie
25%
4 Archikatedra św. Stanisława Kostki w Łodzi
17%
11 Bazylika św. Antoniego w Rybniku
17%
6 Katedra św. Stanisława i św. Wacława w Świdnicy
17%
5 Kościół Mariacki w Chojnej
17%
7 Kościół parafialny pw. Wniebowzięcia Najświętszej Maryi Panny w Bielawie
17%
12 Kościół św. Bartłomieja w Gliwicach
17%
15 Kościół Świętych Apostołów Piotra i Pawła w Katowicach
17%
Nie znaleziono quizów pasujących do podanych kryteriów
Rozkład punktacji
Procent ludzi z każdym wynikiem
Percentyl według liczby udzielonych odpowiedzi
Twoja historia wyników
Nie rozwiązałeś tego quizu